| 000 | 01022cam a22002531i 4500 | ||
|---|---|---|---|
| 003 | SA-RiAUC | ||
| 005 | 20250506054506.0 | ||
| 008 | 250505s1967 ti g c 00100cara c | ||
| 040 |
_aSA-RiAUC _bara _cSA-RiAUC _erda |
||
| 082 | 0 | 4 |
_a234.6016 _qSA-RiAUC |
| 090 |
_a234.6016 _bر ص ا |
||
| 100 | 1 |
_aالرصاع، محمد بن قاسم الأنصاري، _dتوفي 894 هجري _eمؤلف. |
|
| 245 | 1 | 0 |
_aفهرست الرصاع / _cأبو عبد الله الأنصاري؛ تحقيق وتعليق محمد العنابي. |
| 264 | 1 |
_aتونس : _bالمكتبة العتيقة، _c1967 |
|
| 300 |
_a261 صفحة ؛ _c24 سم. |
||
| 336 |
_aنص _btxt _2rdacontent _3كتاب |
||
| 337 |
_aبدون وسيط _bn _2rdamedia |
||
| 338 |
_aمجلد _bnc _2rdacarrier |
||
| 490 | 0 |
_aمن تراثنا الإسلامي ؛ _v4 |
|
| 650 | 7 |
_aالحديث _xتراجم الرواة _vفهارس _2aucsh |
|
| 700 | 1 |
_aالعنابي، محمد _eمحقق. |
|
| 942 |
_2ddc _cBOOK _n0 |
||
| 949 |
_aSA-JeALM _d250505 _umohamedma123 _n1 |
||
| 999 |
_c7632 _d7632 |
||